[Event "Pere Noel"]
[Site "Montreal CAN"]
[Date "2003.12.28"]
[Round "3"]
[White "Fillion, Steve"]
[Black "Gauthier, Denis"]
[Result "1-0"]
[WhiteElo "2126"]
[BlackElo "1951"]
[PlyCount "73"]
[EventDate "2003.12.26"]
[EventType "swiss"]
[EventRounds "5"]
[EventCountry "CAN"]

1. d4 Nf6 2. c4 e6 3. Nf3 b6 4. g3 Ba6 5. Qb3 c5 6. Bg2 Bb7 7. O-O cxd4 8. Nxd4
Bxg2 9. Kxg2 Bc5 10. Rd1 O-O 11. Nc3 a6 12. Bf4 Qc8 13. Bg5 Qb7+ 14. f3 Nc6 15.
Bxf6 gxf6 16. Nxc6 Qxc6 17. Ne4 Be7 18. Qc3 f5 19. Nf6+ Bxf6 20. Qxf6 Qxc4 21.
Kf1 d5 22. Rd4 Qc2 23. Rh4 Rfe8 24. Rh5 Rac8 25. Rg5+ Kf8 26. Rg7 Re7 27. Rxh7
Ke8 28. Rh8+ Kd7 29. Rxc8 Qxc8 30. h4 Qg8 31. Kf2 Re8 32. Rc1 Rc8 33. Rxc8 Kxc8
34. h5 Qf8 35. h6 Qc5+ 36. Kg2 Qe3 37. Qc3+ 1-0

[Event "Pere Noel"]
[Site "Montreal CAN"]
[Date "2003.12.28"]
[Round "3"]
[White "Gilman, Arkadiy"]
[Black "Robidas, Francois"]
[Result "1/2-1/2"]
[WhiteElo "2286"]
[BlackElo "1917"]
[PlyCount "36"]
[EventDate "2003.12.26"]
[EventType "swiss"]
[EventRounds "5"]
[EventCountry "CAN"]

1. d4 d5 2. c4 e6 3. Nc3 c5 4. e3 Nf6 5. Nf3 Nc6 6. a3 Bd6 7. dxc5 Bxc5 8. b4
Bd6 9. Bb2 O-O 10. cxd5 exd5 11. Be2 Be6 12. Nb5 Be7 13. Nbd4 Rc8 14. O-O a5
15. b5 Nxd4 16. Qxd4 Rc2 17. Bd3 Bc5 18. Qe5 Bd6 1/2-1/2

[Event "Pere Noel"]
[Site "Montreal CAN"]
[Date "2003.12.28"]
[Round "3"]
[White "Landry, Sylvain"]
[Black "Poirier, Erik"]
[Result "0-1"]
[WhiteElo "1910"]
[BlackElo "1999"]
[PlyCount "54"]
[EventDate "2003.12.26"]
[EventType "swiss"]
[EventRounds "5"]
[EventCountry "CAN"]

1. e4 c5 2. Nf3 Nc6 3. d4 cxd4 4. Nxd4 Nf6 5. Nc3 e5 6. Ndb5 d6 7. Bg5 a6 8.
Na3 b5 9. Bxf6 gxf6 10. Nd5 f5 11. Bd3 Be6 12. O-O f4 13. Qh5 Rg8 14. c3 Bg4
15. Qxh7 Rg6 16. f3 Be6 17. h4 Ne7 18. Nxb5 Rc8 19. Qh5 axb5 20. Bxb5+ Nc6 21.
Rad1 Rh6 22. Qg5 f6 23. Qxh6 Bxh6 24. Rf2 Kf7 25. Rfd2 Bf8 26. a4 Na5 27. b4
Nc4 0-1

[Event "Pere Noel"]
[Site "Montreal CAN"]
[Date "2003.12.28"]
[Round "3"]
[White "Laptos, Kris"]
[Black "Tremblay, Alain"]
[Result "1/2-1/2"]
[WhiteElo "2261"]
[BlackElo "2084"]
[PlyCount "64"]
[EventDate "2003.12.26"]
[EventType "swiss"]
[EventRounds "5"]
[EventCountry "CAN"]

1. e4 e6 2. d4 d5 3. e5 c5 4. Nf3 Nc6 5. a3 cxd4 6. Bd3 Nge7 7. O-O Ng6 8. Re1
Be7 9. b4 Qc7 10. Qe2 a6 11. g3 Bd7 12. Bb2 Rc8 13. Bxd4 Nxd4 14. Nxd4 Qb6 15.
c3 Rc7 16. Ra2 Ba4 17. Qe3 Kd7 18. f4 Kc8 19. Rf2 Bd7 20. Rc2 Ba4 21. Rcc1 Kb8
22. f5 Nf8 23. Nd2 exf5 24. c4 dxc4 25. Nxc4 Qa7 26. Nd6 Rxc1 27. Rxc1 Ne6 28.
N4xf5 Qxe3+ 29. Nxe3 Bxd6 30. exd6 Rd8 31. Rf1 Rxd6 32. Bxh7 Ng5 1/2-1/2

[Event "Pere Noel"]
[Site "Montreal CAN"]
[Date "2003.12.28"]
[Round "3"]
[White "McDonough, Jonathan"]
[Black "Khassanov, Marat"]
[Result "0-1"]
[WhiteElo "2098"]
[BlackElo "2353"]
[PlyCount "53"]
[EventDate "2003.12.26"]
[EventType "swiss"]
[EventRounds "5"]
[EventCountry "CAN"]

1. d4 Nf6 2. c4 g6 3. Nc3 c5 4. d5 d6 5. e4 Bg7 6. Bf4 O-O 7. Bd3 a6 8. Qd2 b5
9. Bh6 b4 10. Nd1 Bxh6 11. Qxh6 e6 12. Ne3 Re8 13. Ne2 exd5 14. exd5 Nbd7 15.
h3 Ne5 16. Bc2 Kh8 17. b3 Ng8 18. Qf4 f5 19. h4 Nf6 20. O-O-O Nh5 21. Qh2 Ng4
22. Nxg4 Rxe2 23. Nh6 Qf6 24. Kb1 Kg7 25. f3 f4 26. Ng4 Qc3 27. Rc1 0-1

[Event "Pere Noel"]
[Site "Montreal CAN"]
[Date "2003.12.28"]
[Round "3"]
[White "Pitre, Francois"]
[Black "Ramaswamy, Kishor"]
[Result "1-0"]
[WhiteElo "1977"]
[BlackElo "2116"]
[PlyCount "91"]
[EventDate "2003.12.26"]
[EventType "swiss"]
[EventRounds "5"]
[EventCountry "CAN"]

1. d4 d5 2. Nf3 Nf6 3. Nbd2 e6 4. e3 Nbd7 5. Ne5 Nxe5 6. dxe5 Nd7 7. f4 c5 8.
c3 b6 9. Bd3 Bb7 10. Qe2 Qc7 11. b3 O-O-O 12. a4 f6 13. exf6 gxf6 14. O-O e5
15. a5 Bd6 16. axb6 axb6 17. e4 exf4 18. exd5 f3 19. Nxf3 Ne5 20. Bf5+ Kb8 21.
c4 Nxf3+ 22. Qxf3 Bxh2+ 23. Kh1 Be5 24. Bf4 Rde8 25. Rae1 Bxf4 26. Qxf4 Qxf4
27. Rxe8+ Rxe8 28. Rxf4 Re3 29. Rf3 Rxf3 30. gxf3 h6 31. Kh2 b5 32. Kg3 bxc4
33. bxc4 Kc7 34. Kh4 Kd6 35. f4 Ba6 36. Bd3 Bc8 37. Kh5 Ke7 38. Kxh6 Kf7 39.
Bg6+ Ke7 40. Kg7 Ba6 41. Bd3 Bc8 42. Kg6 Bb7 43. d6+ Kxd6 44. Kxf6 Kd7 45. Ke5
Bf3 46. Be4 1-0

[Event "Pere Noel"]
[Site "Montreal CAN"]
[Date "2003.12.29"]
[Round "4"]
[White "Laptos, Kris"]
[Black "Fillion, Steve"]
[Result "1-0"]
[WhiteElo "2261"]
[BlackElo "2126"]
[PlyCount "47"]
[EventDate "2003.12.26"]
[EventType "swiss"]
[EventRounds "5"]
[EventCountry "CAN"]

1. d4 d5 2. Nf3 Nf6 3. e3 e6 4. Bd3 Be7 5. O-O O-O 6. b3 b6 7. Ne5 Bb7 8. Qf3
Nbd7 9. Nd2 c5 10. Bb2 Qc7 11. Qh3 g6 12. f4 Ne4 13. Ndf3 f5 14. Bxe4 dxe4 15.
Nxd7 Qxd7 16. Ne5 Qe8 17. dxc5 bxc5 18. Rad1 Rd8 19. Qg3 Bf6 20. Qe1 Rd5 21. c4
Bxe5 22. Bxe5 Rxd1 23. Qxd1 Qc6 24. Rf2 1-0

[Event "Pere Noel"]
[Site "Montreal CAN"]
[Date "2003.12.29"]
[Round "4"]
[White "Nunez, Omar"]
[Black "Gilman, Arkadiy"]
[Result "1-0"]
[WhiteElo "1962"]
[BlackElo "2286"]
[PlyCount "61"]
[EventDate "2003.12.26"]
[EventType "swiss"]
[EventRounds "5"]
[EventCountry "CAN"]

1. f4 g6 2. Nc3 Bg7 3. b3 c5 4. Bb2 Nc6 5. Nf3 d5 6. e3 Nf6 7. Bb5 Bd7 8. O-O
O-O 9. Bxc6 Bxc6 10. Ne5 Rc8 11. Nxc6 Rxc6 12. Qf3 Ne4 13. Rad1 e6 14. Ba1 Nxc3
15. Bxc3 Bxc3 16. dxc3 Qa5 17. e4 dxe4 18. Qxe4 Qxc3 19. Rf3 Qb4 20. c4 Qa5 21.
Rfd3 Qxa2 22. Qe5 Qa5 23. Rd7 Rcc8 24. h4 h5 25. g4 Rcd8 26. gxh5 Rxd7 27. Rxd7
gxh5 28. Rd3 Re8 29. f5 f6 30. Rg3+ Kh7 31. Qe2 1-0

[Event "Pere Noel"]
[Site "Montreal CAN"]
[Date "2003.12.29"]
[Round "4"]
[White "Poirier, Erik"]
[Black "Desmarais, Emmanuel"]
[Result "1/2-1/2"]
[WhiteElo "1999"]
[BlackElo "2052"]
[PlyCount "35"]
[EventDate "2003.12.26"]
[EventType "swiss"]
[EventRounds "5"]
[EventCountry "CAN"]

1. d4 d5 2. c4 c6 3. Nf3 e6 4. e3 Nf6 5. Nc3 Nbd7 6. Bd3 Bd6 7. O-O O-O 8. e4
dxe4 9. Nxe4 Nxe4 10. Bxe4 Qc7 11. b3 e5 12. Bb2 f5 13. dxe5 Nxe5 14. Bxe5 Bxe5
15. Nxe5 Rd8 16. Qc2 Qxe5 17. Bf3 Be6 18. Rfe1 1/2-1/2

[Event "Pere Noel"]
[Site "Montreal CAN"]
[Date "2003.12.30"]
[Round "5"]
[White "Gilman, Arkadiy"]
[Black "Malveau, Cedric"]
[Result "1-0"]
[WhiteElo "2286"]
[BlackElo "1931"]
[PlyCount "93"]
[EventDate "2003.12.26"]
[EventType "swiss"]
[EventRounds "5"]
[EventCountry "CAN"]

1. d4 Nf6 2. c4 e6 3. Nc3 Bb4 4. e3 b6 5. Nge2 Ne4 6. Bd2 Nxd2 7. Qxd2 d5 8. a3
Be7 9. cxd5 exd5 10. Nf4 c6 11. Be2 Nd7 12. O-O Nf6 13. Rfd1 O-O 14. Qc2 Bd6
15. Nd3 Re8 16. Ne1 Qc7 17. g3 Bh3 18. Rac1 Qd7 19. b4 Re6 20. Qb3 Ng4 21. b5
Qe7 22. bxc6 Nxe3 23. fxe3 Rxe3 24. Nxd5 Rxb3 25. Nxe7+ Bxe7 26. Rd3 Rxa3 27.
g4 Rxd3 28. Nxd3 Bg5 29. Rc2 Be3+ 30. Kh1 h5 31. d5 hxg4 32. d6 g3 33. hxg3 Bf5
34. c7 Kf8 35. Bf3 Rc8 36. Bc6 Re8 37. Bxe8 Kxe8 38. Re2 Kd7 39. Rxe3 Kxd6 40.
Nb4 Kxc7 41. Re7+ Bd7 42. Rxf7 a5 43. Nd5+ Kc6 44. Nxb6 Kxb6 45. Rxd7 a4 46.
Rxg7 a3 47. Rf7 1-0

[Event "Pere Noel U1400"]
[Site "Montreal CAN"]
[Date "2003.12.27"]
[Round "2"]
[White "Vincent, Mathieu"]
[Black "Khaziyeva, Fatima"]
[Result "1-0"]
[WhiteElo "1351"]
[BlackElo "1215"]
[PlyCount "67"]
[EventDate "2003.12.26"]
[EventType "swiss"]
[EventRounds "5"]
[EventCountry "CAN"]

1. c4 d5 2. e3 Nf6 3. Nf3 Bg4 4. Be2 Nbd7 5. d4 e6 6. O-O Bb4 7. a3 Be7 8. Nc3
c6 9. b4 Bxf3 10. Bxf3 dxc4 11. Bb2 Nd5 12. Qe2 b5 13. a4 N7b6 14. axb5 cxb5
15. Nxb5 Bxb4 16. Rfc1 a6 17. Nc3 O-O 18. Na4 Ra7 19. Bc3 Bd6 20. Ba5 Qh4 21.
g3 Qd8 22. Rxc4 Bc7 23. Rc6 Nxa4 24. Bxc7 Rxc7 25. Bxd5 exd5 26. Rxc7 Qxc7 27.
Rxa4 Qc1+ 28. Kg2 Qc6 29. Rxa6 Qd7 30. h4 Qf5 31. Rd6 Qe4+ 32. Qf3 Ra8 33. Rxd5
Qb1 34. Rb5 1-0

[Event "Pere Noel U1400"]
[Site "Montreal CAN"]
[Date "2003.12.29"]
[Round "4"]
[White "Vincent, Mathieu"]
[Black "Ouimet, Bruno"]
[Result "1-0"]
[WhiteElo "1351"]
[BlackElo "1326"]
[PlyCount "55"]
[EventDate "2003.12.26"]
[EventType "swiss"]
[EventRounds "5"]
[EventCountry "CAN"]

1. c4 e5 2. e3 Nf6 3. Nc3 d5 4. cxd5 Nxd5 5. Nf3 Nc6 6. Bb5 f6 7. Qb3 Nxc3 8.
bxc3 Qd6 9. d4 Be6 10. c4 Qb4+ 11. Bd2 Qxb3 12. axb3 e4 13. d5 exf3 14. dxc6 b6
15. gxf3 a5 16. O-O Be7 17. b4 Rd8 18. bxa5 Rxd2 19. axb6 cxb6 20. Ra8+ Bd8 21.
c7+ Ke7 22. c8=Q Bxc8 23. Rxc8 Rf8 24. Ra1 Ke6 25. Ra7 Rf7 26. Rc6+ Kf5 27.
Rxf7 Rd1+ 28. Kg2 1-0

[Event "Pere Noel U1400"]
[Site "Montreal CAN"]
[Date "2003.12.30"]
[Round "5"]
[White "Vincent, Mathieu"]
[Black "Steinberg, Ellis"]
[Result "0-1"]
[WhiteElo "1351"]
[BlackElo "1108"]
[PlyCount "80"]
[EventDate "2003.12.26"]
[EventType "swiss"]
[EventRounds "5"]
[EventCountry "CAN"]

1. c4 e5 2. e3 Nf6 3. Nc3 Nc6 4. a3 d5 5. cxd5 Nxd5 6. Bb5 Qd6 7. Nge2 a6 8.
Qb3 Nxc3 9. Bxc6+ Qxc6 10. Qxc3 Qxg2 11. Qxe5+ Be6 12. Rg1 Qc6 13. Nd4 Qd7 14.
b4 O-O-O 15. Nxe6 Qxe6 16. Qc3 Be7 17. Bb2 Qd6 18. Rg4 Qxh2 19. Qc2 Qh1+ 20.
Ke2 Qh5 21. Qe4 f5 22. Qxe7 Qxg4+ 23. Ke1 Qg1+ 24. Ke2 Qg4+ 25. Ke1 f4 26. Be5
Rd7 27. Qc5 f3 28. d3 Qg1+ 29. Kd2 Qxf2+ 30. Kc3 Qe2 31. Bd4 f2 32. Qa7 Qe1+
33. Rxe1 fxe1=Q+ 34. Kc2 Rxd4 35. Qxd4 Qe2+ 36. Kc3 Rd8 37. Qe4 Rxd3+ 38. Qxd3
Qxd3+ 39. Kxd3 Kd7 40. Kd4 Kd6 0-1

[Event "Pere Noel U2000"]
[Site "Montreal CAN"]
[Date "2003.12.26"]
[Round "1"]
[White "Leclair, Hugues"]
[Black "Abi Ayad, Zohayr"]
[Result "1-0"]
[WhiteElo "1832"]
[BlackElo "1664"]
[PlyCount "75"]
[EventDate "2003.12.26"]
[EventType "swiss"]
[EventRounds "5"]
[EventCountry "CAN"]

1. d4 c6 2. e4 d5 3. exd5 cxd5 4. c4 e6 5. Nf3 Nc6 6. Be2 Nf6 7. O-O Be7 8. Nc3
Ne4 9. Bf4 O-O 10. Bd3 Nxc3 11. bxc3 b6 12. Re1 Bb7 13. Re3 Bf6 14. h4 dxc4 15.
Bxc4 Bxh4 16. Nxh4 Qxh4 17. Bd6 Rfd8 18. Rh3 Qg5 19. Rg3 Qf6 20. Ba3 Nxd4 21.
cxd4 Rxd4 22. Bd3 Rad8 23. Bb2 Be4 24. Bxd4 Rxd4 25. Rc1 g6 26. Qc2 Bd5 27. Bb5
Qf4 28. Rd1 Rb4 29. Bf1 h5 30. a3 Re4 31. Qc1 Qf6 32. Qh6 h4 33. Rc1 Bc4 34.
Rgc3 b5 35. Bxc4 bxc4 36. Rxc4 Rxc4 37. Rxc4 Qa1+ 38. Rc1 1-0

[Event "Pere Noel U2000"]
[Site "Montreal CAN"]
[Date "2003.12.28"]
[Round "3"]
[White "Kenani, Dariush"]
[Black "Gosselin, Robert"]
[Result "0-1"]
[WhiteElo "1772"]
[BlackElo "1723"]
[PlyCount "104"]
[EventDate "2003.12.26"]
[EventType "swiss"]
[EventRounds "5"]
[EventCountry "CAN"]

1. e4 c5 2. Nf3 d6 3. d4 cxd4 4. Nxd4 Nf6 5. Nc3 e6 6. Bc4 a6 7. Bb3 Nc6 8. O-O
Qc7 9. Be3 Bd7 10. f4 Na5 11. f5 Nc4 12. Bxc4 Qxc4 13. fxe6 fxe6 14. Kh1 Be7
15. Nde2 Nxe4 16. Bd4 Nf6 17. Bxf6 gxf6 18. Rf4 Qc7 19. Nd4 h5 20. Qe2 Kf7 21.
Re1 e5 22. Nf3 Bg4 23. Ng5+ Kg6 24. Rxg4 hxg4 25. Ne6 Qc8 26. Nd5 Kf7 27. Ndc7
Bd8 28. Nxd8+ Rxd8 29. Nxa8 Qxa8 30. Qxg4 Qc8 31. Qh5+ Ke6 32. Qh3+ Kf7 33.
Qh7+ Ke6 34. Rf1 Rf8 35. h3 Qc4 36. Qf5+ Ke7 37. Rf3 Qe6 38. Qe4 Qd7 39. Rb3 b5
40. Rc3 f5 41. Qh4+ Ke6 42. Rg3 e4 43. Rg6+ Kd5 44. Qh6 Re8 45. Qd2+ Kc6 46.
Qc3+ Kb7 47. Qd4 Kc6 48. a4 e3 49. Qc3+ Kb7 50. Rg7 Re7 51. Rg8 e2 52. Qf3+ d5
0-1

[Event "Pion dames-tu?"]
[Site "Gatineau CAN"]
[Date "2003.10.17"]
[Round "2"]
[White "Ethier, Valori"]
[Black "Roy, Roger"]
[Result "0-1"]
[WhiteElo "1433"]
[BlackElo "1761"]
[PlyCount "90"]
[EventDate "2003.10.10"]
[EventType "swiss"]
[EventRounds "5"]
[EventCountry "CAN"]

1. e4 c5 2. Nf3 d6 3. d4 cxd4 4. Nxd4 Nf6 5. Nc3 a6 6. Be3 e5 7. Nf3 Be7 8. Bc4
h6 9. h3 O-O 10. Qd2 Nc6 11. O-O b5 12. Bd5 Bb7 13. Bxh6 gxh6 14. Qxh6 Nxd5 15.
Nxd5 Nd4 16. Nxe7+ Qxe7 17. Ng5 f6 18. Nf3 Nxc2 19. Rac1 Bxe4 20. Qh5 Qg7 21.
Nh4 Qg5 22. Qxg5+ fxg5 23. Nf3 Rf5 24. Rfd1 Bxf3 25. gxf3 Nd4 26. Kg2 Raf8 27.
Rd3 Ne2 28. Rxd6 Nxc1 29. Rxa6 Rxf3 30. Rg6+ Kh7 31. Rxg5 Rxf2+ 32. Kg3 Ne2+
33. Kh4 R8f4+ 34. Rg4 Rxg4+ 35. hxg4 Nc1 36. b3 Nxa2 37. Kh5 b4 38. g5 Nc1 39.
Kg4 Nxb3 40. Kg3 Rf4 41. Kh3 Nd4 42. Kg3 b3 43. Kg2 b2 44. Kh3 b1=Q 45. g6+
Qxg6 0-1

[Event "Pion dames-tu?"]
[Site "Gatineau CAN"]
[Date "2003.10.24"]
[Round "3"]
[White "Desjardins, Michel"]
[Black "Roy, Roger"]
[Result "0-1"]
[WhiteElo "1784"]
[BlackElo "1761"]
[PlyCount "104"]
[EventDate "2003.10.10"]
[EventType "swiss"]
[EventRounds "5"]
[EventCountry "CAN"]

1. f4 e5 2. fxe5 d6 3. exd6 Bxd6 4. Nf3 b6 5. g3 Bb7 6. Bg2 Nd7 7. d4 Ngf6 8.
Nc3 Ne4 9. Nxe4 Bxe4 10. Bg5 f6 11. Be3 Qe7 12. Bf2 g5 13. Qd2 h5 14. O-O-O
O-O-O 15. e3 g4 16. Nh4 Bxg2 17. Nxg2 f5 18. Nh4 Qf7 19. Kb1 Be7 20. Ng2 Nc5
21. Rhf1 Ne4 22. Qe2 Qd5 23. Nf4 Qa5 24. Ng6 Rh7 25. Ne5 Qd5 26. Qa6+ Qb7 27.
Qc4 Nd6 28. Qe6+ Kb8 29. d5 Re8 30. Nc6+ Ka8 31. Qg6 Rhh8 32. Qg7 Bd8 33. Bg1
Rhg8 34. Qd4 Re4 35. Qd3 Bg5 36. Rxf5 Qc8 37. Re5 Rxe5 38. Nxe5 Re8 39. Nc6 Re4
40. Qa3 Nb5 41. Qb3 Nd6 42. Qc3 Qf8 43. Nd4 Kb8 44. Ne6 Qe7 45. Qh8+ Kb7 46.
Qxh5 Bf6 47. Qg6 Nc4 48. Qxe4 Qb4 49. d6+ c6 50. Nd8+ Ka6 51. Qxc4+ Qxc4 52.
Nxc6 Qxc6 0-1

[Event "Pion dames-tu?"]
[Site "Gatineau CAN"]
[Date "2003.11.07"]
[Round "4"]
[White "Arsenault, Michel"]
[Black "Dagenais, Pierre"]
[Result "1-0"]
[WhiteElo "2024"]
[BlackElo "1162"]
[PlyCount "73"]
[EventDate "2003.10.10"]
[EventType "swiss"]
[EventRounds "5"]
[EventCountry "CAN"]

1. c4 e5 2. g3 c6 3. Bg2 Nf6 4. d4 exd4 5. Qxd4 Bb4+ 6. Bd2 Bxd2+ 7. Qxd2 O-O
8. Nc3 d6 9. Nf3 Qb6 10. O-O Be6 11. b3 c5 12. Ng5 Re8 13. Rad1 Nbd7 14. Qxd6
Rad8 15. Nxe6 Rxe6 16. Qxb6 Rxb6 17. Nd5 Rd6 18. Ne7+ Kf8 19. Rxd6 Kxe7 20.
Rfd1 Rc8 21. Bxb7 Rc7 22. Bg2 Ne5 23. h3 Rd7 24. Rxd7+ Nexd7 25. f4 g6 26. e4
h5 27. e5 Ng8 28. Kf2 f6 29. e6 Kxe6 30. Bd5+ Ke7 31. Bxg8 g5 32. Rxd7+ Kxd7
33. Ke3 g4 34. hxg4 hxg4 35. Ke4 Kd6 36. Kf5 Ke7 37. Kxg4 1-0

[Event "Pion dames-tu?"]
[Site "Gatineau CAN"]
[Date "2003.11.07"]
[Round "4"]
[White "Cousineau, Gaston"]
[Black "Ethier, Valori"]
[Result "1-0"]
[WhiteElo "1435"]
[BlackElo "1433"]
[PlyCount "93"]
[EventDate "2003.10.10"]
[EventType "swiss"]
[EventRounds "5"]
[EventCountry "CAN"]

1. e4 c6 2. c3 d5 3. e5 Bf5 4. d4 e6 5. Bd3 Ne7 6. Bg5 Bxd3 7. Qxd3 Nd7 8. Nf3
Qb6 9. b4 Ng6 10. a3 Be7 11. O-O Bxg5 12. Nxg5 Qd8 13. Nh3 Qh4 14. Nd2 Nf4 15.
Nxf4 Qxf4 16. Kh1 O-O-O 17. Nf3 h5 18. Ng1 h4 19. Nh3 Qh6 20. f4 f6 21. Ra2
Rdf8 22. Raf2 g5 23. f5 fxe5 24. fxe6 e4 25. exd7+ Kxd7 26. Qe3 Ke8 27. Nxg5
Rxf2 28. Rxf2 Rf8 29. Rxf8+ Kxf8 30. Qf4+ Kg7 31. g4 hxg3 32. Qxg3 Kf6 33. Qe5+
Kg6 34. Nxe4 Qc1+ 35. Kg2 Qc2+ 36. Nf2 Qxc3 37. Qg3+ Qxg3+ 38. Kxg3 Kg5 39. h4+
Kf6 40. Kg4 Kf7 41. Nd3 Kg6 42. h5+ Kh7 43. Kg5 Kg7 44. h6+ Kh8 45. Kg6 Kg8 46.
Ne5 Kh8 47. h7 1-0

[Event "Pion dames-tu?"]
[Site "Gatineau CAN"]
[Date "2003.11.07"]
[Round "4"]
[White "Roy, Roger"]
[Black "Rose, Richard"]
[Result "0-1"]
[WhiteElo "1761"]
[BlackElo "1749"]
[PlyCount "64"]
[EventDate "2003.10.10"]
[EventType "swiss"]
[EventRounds "5"]
[EventCountry "CAN"]

1. d4 Nf6 2. c4 e6 3. Nf3 d5 4. Bg5 Bb4+ 5. Nc3 O-O 6. e3 b6 7. Rc1 Ba6 8. Qb3
c5 9. a3 Bxc3+ 10. Qxc3 Nbd7 11. Bd3 Rc8 12. O-O Qc7 13. Bf4 Qc6 14. Ne5 Nxe5
15. dxe5 dxc4 16. exf6 cxd3 17. Qe5 Qd5 18. Rfd1 Qxe5 19. Bxe5 gxf6 20. Bxf6 c4
21. Rd2 Bb5 22. f4 h6 23. Rf1 Kh7 24. f5 exf5 25. Rxf5 Kg6 26. Rxb5 Kxf6 27.
Rf2+ Kg6 28. Rd2 Rc6 29. Rd5 Re8 30. Kf2 Rf6+ 31. Kg3 Rxe3+ 32. Kg4 h5+ 0-1

[Event "Pion dames-tu?"]
[Site "Gatineau CAN"]
[Date "2003.11.14"]
[Round "5"]
[White "Roy, Roger"]
[Black "Forget, David"]
[Result "0-1"]
[WhiteElo "1761"]
[BlackElo "1562"]
[PlyCount "56"]
[EventDate "2003.10.10"]
[EventType "swiss"]
[EventRounds "5"]
[EventCountry "CAN"]

1. c4 c6 2. e4 d5 3. e5 Bf5 4. d4 e6 5. c5 b6 6. b4 a5 7. Qb3 axb4 8. cxb6 Qxb6
9. Nf3 c5 10. Be3 Nc6 11. dxc5 Bxc5 12. Bxc5 Qxc5 13. Nbd2 Nge7 14. Be2 O-O 15.
O-O Ra3 16. Qb2 Qc3 17. Qxc3 bxc3 18. Nb1 Bxb1 19. Rfxb1 Rfa8 20. Bd3 Rxa2 21.
Rxa2 Rxa2 22. Nd4 g6 23. Nxc6 Nxc6 24. f4 c2 25. Rc1 Nb4 26. Be2 d4 27. Bc4 Rb2
28. Kf1 Rb1 0-1

[Event "Premiere Neige"]
[Site "Montreal CAN"]
[Date "2003.12.12"]
[Round "1"]
[White "Blais, Richard"]
[Black "McDonough, Jonathan"]
[Result "0-1"]
[WhiteElo "1745"]
[BlackElo "2076"]
[PlyCount "54"]
[EventDate "2003.12.12"]
[EventType "swiss"]
[EventRounds "5"]
[EventCountry "CAN"]

1. e4 e6 2. d4 d5 3. e5 c5 4. c3 Nc6 5. Nf3 Bd7 6. Bd3 Qb6 7. Bc2 cxd4 8. cxd4
Nb4 9. O-O Nxc2 10. Qxc2 Ne7 11. Nc3 Nf5 12. Rd1 Rc8 13. Bf4 Rc4 14. Qd2 h6 15.
g4 Ne7 16. Ne2 h5 17. g5 Nf5 18. a3 Qb3 19. Nc3 Be7 20. Qc1 Qb6 21. Qd2 O-O 22.
b4 Rfc8 23. Rac1 a5 24. bxa5 Qxa5 25. Ne2 Qxa3 26. Kg2 Bb4 27. Ra1 Qxa1 0-1

[Event "Premiere Neige"]
[Site "Montreal CAN"]
[Date "2003.12.12"]
[Round "1"]
[White "Bolduc, Steve"]
[Black "Libersan, Thierry"]
[Result "1-0"]
[WhiteElo "2360"]
[BlackElo "1938"]
[PlyCount "69"]
[EventDate "2003.12.12"]
[EventType "swiss"]
[EventRounds "5"]
[EventCountry "CAN"]

1. d4 d5 2. c4 e5 3. dxe5 d4 4. Nf3 Nc6 5. g3 f6 6. exf6 Nxf6 7. Bg2 Bf5 8. O-O
Qd7 9. Qb3 O-O-O 10. Ne5 Qe6 11. Nxc6 bxc6 12. Qa4 Bh3 13. Bxc6 Rd6 14. Bg2
Bxg2 15. Kxg2 h5 16. h4 Qxe2 17. Bf4 Ng4 18. Nd2 Ne3+ 19. Bxe3 dxe3 20. Qe8+
Rd8 21. Qe6+ Kb8 22. Nb3 Rh6 23. Qxe3 Qxc4 24. Rfe1 Bb4 25. Qe4 Qb5 26. Re2
Rhd6 27. Rc1 Rd5 28. Rc4 Bd6 29. a4 Qb7 30. Rd4 c6 31. Rxd5 cxd5 32. Qd3 d4+
33. f3 a6 34. Nxd4 Bc7 35. Qe4 1-0

[Event "Premiere Neige"]
[Site "Montreal CAN"]
[Date "2003.12.12"]
[Round "1"]
[White "Dupuis, Stephane"]
[Black "Sonkin, Evan"]
[Result "1-0"]
[WhiteElo "2151"]
[BlackElo "1862"]
[PlyCount "93"]
[EventDate "2003.12.12"]
[EventType "swiss"]
[EventRounds "5"]
[EventCountry "CAN"]

1. f4 d5 2. Nf3 c5 3. g3 Nc6 4. Bg2 Nf6 5. O-O e6 6. d3 Be7 7. Nc3 a6 8. a4 Rb8
9. e4 dxe4 10. Ne5 Nxe5 11. fxe5 Qd4+ 12. Kh1 Nd5 13. Nxe4 Ne3 14. c3 Qxe4 15.
Bxe4 Nxd1 16. Rxd1 O-O 17. Be3 b5 18. axb5 Rxb5 19. Rd2 c4 20. d4 Rd8 21. Ra4
Bb7 22. Bxb7 Rxb7 23. Rxc4 Rb3 24. Ra4 Ra8 25. Kg2 h6 26. Kf2 Kh7 27. Ke2 Kg6
28. Kd3 a5 29. Kc2 Rab8 30. Rxa5 Rxb2+ 31. Kd3 Rxd2+ 32. Bxd2 Rb2 33. Ra7 Bg5
34. Bxg5 hxg5 35. c4 Rxh2 36. c5 Rg2 37. c6 Rxg3+ 38. Kc4 Rg1 39. Kc5 Rc1+ 40.
Kd6 g4 41. c7 Rc4 42. Ra8 Rxd4+ 43. Ke7 Rc4 44. c8=Q Rxc8 45. Rxc8 f5 46. Kxe6
g3 47. Kd5 1-0

[Event "Premiere Neige"]
[Site "Montreal CAN"]
[Date "2003.12.12"]
[Round "1"]
[White "Mikanovic, Goran"]
[Black "Cloutier, Mathieu"]
[Result "1-0"]
[WhiteElo "2281"]
[BlackElo "1891"]
[PlyCount "105"]
[EventDate "2003.12.12"]
[EventType "swiss"]
[EventRounds "5"]
[EventCountry "CAN"]

1. d4 Nf6 2. c4 c5 3. d5 e6 4. Nc3 exd5 5. cxd5 d6 6. e4 g6 7. Bd3 Bg7 8. h3
O-O 9. Nf3 a6 10. a4 Re8 11. O-O Nbd7 12. Bf4 Qc7 13. Re1 Nh5 14. Bh2 Ne5 15.
Be2 Nxf3+ 16. Bxf3 Nf6 17. e5 dxe5 18. d6 Qb6 19. Bxe5 Be6 20. a5 Qa7 21. Qd2
Rad8 22. Qf4 Nd7 23. Bxg7 Kxg7 24. Rad1 Nf6 25. Rd2 b5 26. axb6 Qxb6 27. Ra1
Qb4 28. Ra4 Qxf4 29. Rxf4 Bb3 30. g4 h6 31. Na4 g5 32. Rxf6 Kxf6 33. Nxc5 Re1+
34. Kg2 Be6 35. Nb7 Rd7 36. Bc6 Rc1 37. Bxd7 Bxd7 38. b4 Rc8 39. Nc5 Bb5 40. f3
Rd8 41. Kg3 Ke5 42. d7 Kf6 43. Rd6+ Kg7 44. h4 Kh7 45. h5 Kg7 46. f4 Kh7 47.
Kf3 Kg7 48. Ke3 Kh7 49. fxg5 hxg5 50. Ke4 Kg7 51. Kf5 Kf8 52. Kf6 Kg8 53. Ke7
1-0

[Event "Premiere Neige"]
[Site "Montreal CAN"]
[Date "2003.12.12"]
[Round "1"]
[White "Prahov, Valentin"]
[Black "Rivest, Jean-Michel"]
[Result "1/2-1/2"]
[WhiteElo "2211"]
[BlackElo "1879"]
[PlyCount "104"]
[EventDate "2003.12.12"]
[EventType "swiss"]
[EventRounds "5"]
[EventCountry "CAN"]

1. e4 c5 2. Nf3 e6 3. d4 cxd4 4. Nxd4 Nf6 5. Nc3 Nc6 6. Ndb5 Bb4 7. a3 Bxc3+ 8.
Nxc3 d5 9. exd5 exd5 10. Bd3 O-O 11. O-O d4 12. Ne4 Bf5 13. Bg5 Bxe4 14. Bxe4
h6 15. Bxf6 Qxf6 16. Qf3 Qxf3 17. Bxf3 Rac8 18. Rad1 Rfd8 19. Rd2 Ne5 20. Bxb7
Rb8 21. Ba6 Rb6 22. Re1 Nc6 23. Bc4 Rxb2 24. g3 Kf8 25. a4 Nb4 26. Ree2 f6 27.
Kg2 Rc8 28. Rxd4 Rxc2 29. Rxc2 Nxc2 30. Re4 Rc5 31. Bb5 Na3 32. Re8+ Kf7 33.
Rb8 Nxb5 34. axb5 g5 35. Rb7+ Kg6 36. Rxa7 Rxb5 37. h3 h5 38. Rc7 Rb4 39. Rc3
h4 40. g4 Rd4 41. Rb3 Kf7 42. Re3 Rf4 43. f3 Ra4 44. Re2 f5 45. Kf2 Kf6 46. Kg2
Ra3 47. Rb2 f4 48. Re2 Re3 49. Kf2 Rxe2+ 50. Kxe2 Ke5 51. Kd3 Kd5 52. Kc3 Kc5
1/2-1/2